000 00535nam a2200205Ia 4500
003 OSt
005 20230608115453.0
008 210423s2006 xx 000 0 und d
040 _cAL
041 _aeng
082 _a307.72
_223
_bVERR
100 _aVERMA (S B)
_9115291
245 _aRural health care and housing
260 _aNew Delhi
_bRegal Publications
_c2006
365 _b330
_cINR
650 _aRural Communities
_9115292
650 _aSociology
_9115293
906 _acare ; health ; housing ; Rural
942 _2ddc
_cBK
999 _c175300
_d175300